<?xml version="1.0" encoding="UTF-8"?>
<collection xmlns="http://www.loc.gov/MARC21/slim">
  <record>
    <leader>00000nam  2200000   4500</leader>
    <controlfield tag="001">INLIS000000000054162</controlfield>
    <controlfield tag="005">20190812115244</controlfield>
    <datafield tag="035" ind1="#" ind2="#">
      <subfield code="a">0010-0819000004</subfield>
    </datafield>
    <controlfield tag="007">ta</controlfield>
    <controlfield tag="008">190812###########################0######</controlfield>
    <datafield tag="020" ind1="#" ind2="#">
      <subfield code="a">978-979-019-012-2</subfield>
    </datafield>
    <datafield tag="082" ind1="#" ind2="#">
      <subfield code="a">372.3</subfield>
    </datafield>
    <datafield tag="084" ind1="#" ind2="#">
      <subfield code="a">372.3 Sem b</subfield>
    </datafield>
    <datafield tag="245" ind1="#" ind2="#">
      <subfield code="a">Bulan Satelit Bumi :</subfield>
      <subfield code="b">serial ilmu pengetahuan populer /</subfield>
      <subfield code="c">Sema Gul</subfield>
    </datafield>
    <datafield tag="260" ind1="#" ind2="#">
      <subfield code="a">Bogor :</subfield>
      <subfield code="b">Yudistira</subfield>
    </datafield>
    <datafield tag="300" ind1="#" ind2="#">
      <subfield code="a">32 hlm :</subfield>
      <subfield code="b">ilus ;</subfield>
      <subfield code="c">27 cm</subfield>
    </datafield>
    <datafield tag="990" ind1="#" ind2="#">
      <subfield code="a">12371237</subfield>
    </datafield>
  </record>
</collection>
